000 00230nmm a2200085Ia 4500
008 220120s9999||||xx |||||||||||||||||und||
100 _aDigit
245 0 _aDoom3 : Updates for windows & Linux, Multimedia Dr. Tag plus
260 _c2004
999 _c138794
_d138794